| 000 | 02515nam a22002297a 4500 | ||
|---|---|---|---|
| 001 | 216222711 | ||
| 003 | UA-OsUOA | ||
| 005 | 20220816153016.0 | ||
| 008 | 220816b un ||||f |||| 00| 0 ukr d | ||
| 040 |
_aUA-OsUOA _bukr _cUA-OsUOA _dUA-OsUOA |
||
| 041 | _aukr | ||
| 080 | _a82 | ||
| 090 |
_a82 _bТ35 |
||
| 100 | _aТереховський Б. М. | ||
| 245 |
_aСучасна інтерпретація англосаксонського епосу "Беовульф" (за романом Дж. Гарднера "Грендель") _cТереховський Б. М. |
||
| 260 |
_aОстрог _bКАФ _c2018 |
||
| 300 | _a96 с. | ||
| 520 | _aВступ. Розділ 1. Теоретичні засади вивчення англосаксонського епосу "Беовульф" у різних сферах гуманітарних наук. 1.1. Походження англосаксонського епосу "Беовульф": історико-хронологічний аспект. 1.2. Теорія "Беовульфознавства" та стан її розробки у різних сферах гуманітарних наук. 1.3. Репрезентація ключових характеристик у тексті "Беовульф". 1.4. Конструювання картини світобачення в творі "Пісня про Беовульфа". Висновки до розділу 1. Розділ 2. Сучасна інтерпретація англосаксонського епосу "Беовульф" крізь призму роману Дж. Гарднера "Грендель". 2.1. Загальна характеристика "Грендель" Дж. Гарднера як філософського і філологічного роману. 2.2. Роман Дж. Гарднера "Грендель": діалектика образу в контексті проблематики твору. 2.3. Етика роману Джона Гарднера в контексті мотивів світової літератури. Висновки до розділу 2. Висновки. Список використаної літератури. Список джерел довідкової літератури. Список джерел ілюстративного матеріалу. | ||
| 650 |
_a82 Художня література. Літературознавство _2UDC |
||
| 942 |
_cBK _2udc |
||
| 955 | _a1 | ||
| 999 |
_c285990 _d285990 |
||